[Event "DSOL 2022"]
[Site "Germany"]
[Date "2022.03.18"]
[Round "5.4"]
[White "Schwenck, Mathias"]
[Black "Dzelilovic, Biran"]
[Result "1/2-1/2"]
[WhiteElo "1828"]
[BlackElo "1620"]
[Annotator "NA"]
[PlyCount "40"]
[EventDate "2022.01.31"]
[EventType "team-tourn"]
[EventCountry "GER"]
[SourceTitle "playchess.com"]
[Source "ChessBase"]
[SourceQuality "1"]
[WhiteTeam "Moosburg"]
[BlackTeam "Spraitbach"]
[TimeControl "2700+15"]

1. d4 d5 2. c4 dxc4 3. Nf3 Nf6 4. e3 e6 5. Bxc4 c5 6. O-O Nc6 7. dxc5 Qxd1 8. Rxd1 Bxc5 9. Nc3 a6 10. Bd2 O-O 11. Be1 b5 12. Be2 Bb7 13. Nd2 Be7 14. Bf3 Rfd8 15. Nde4 Nxe4 16. Nxe4 Rxd1 17. Rxd1 Rd8 18. Rxd8+ Nxd8 19. Nd2 Bxf3 20. Nxf3 Bf6 1/2-1/2

[Event "DSOL 2022"]
[Site "Germany"]
[Date "2022.03.18"]
[Round "5.4"]
[White "Leibovitch, Iziaslav"]
[Black "Riemann, Jonas"]
[Result "1/2-1/2"]
[WhiteElo "1679"]
[BlackElo "1443"]
[Annotator "NA"]
[PlyCount "156"]
[EventDate "2022.01.31"]
[EventType "team-tourn"]
[EventCountry "GER"]
[SourceTitle "playchess.com"]
[Source "ChessBase"]
[SourceQuality "1"]
[WhiteTeam "SK Dessau I"]
[BlackTeam "SK Bickenbach I"]
[TimeControl "2700+15"]

1. Nf3 Nf6 2. g3 g6 3. Bg2 Bg7 4. O-O O-O 5. d3 d6 6. e4 c5 7. Re1 Nc6 8. c3 e5 9. Nbd2 Rb8 10. a4 a6 11. Nc4 b5 12. axb5 axb5 13. Ne3 Qb6 14. h3 Be6 15. Ng5 Ra8 16. Rxa8 Rxa8 17. Nxe6 fxe6 18. Qb3 Kf7 19. Nc4 Qb8 20. Qxb5 Qxb5 21. Nxd6+ Ke7 22. Nxb5 Rb8 23. Na3 Nd7 24. Bg5+ Bf6 25. Bxf6+ Kxf6 26. Nc4 Nb6 27. Nxb6 Rxb6 28. Rb1 Ke7 29. Kf1 Ra6 30. Bf3 Kd6 31. Bd1 Ra2 32. Bb3 Ra7 33. Ke2 Rb7 34. Bc2 Na5 35. b3 Nc6 36. Ra1 Na7 37. Ra6+ Kd7 38. Kd2 Nb5 39. Bd1 Nc7 40. Ra5 Kd6 41. f4 exf4 42. gxf4 Kc6 43. e5 Rb8 44. Bf3+ Kb6 45. Ra4 Rf8 46. b4 c4 47. dxc4 Rxf4 48. c5+ Kb5 49. Bc6+ Kxc6 50. b5+ Nxb5 51. Rxf4 Kxc5 52. Rf7 Kd5 53. Rxh7 Kxe5 54. Kd3 Nd6 55. c4 Ne4 56. h4 Ng3 57. Rg7 Nf5 58. Rh7 Ng3 59. Rh6 Nf5 60. Rh8 Ng3 61. Rg8 Nf5 62. Rxg6 Nxh4 63. Rg8 Nf5 64. Rg5 Kf6 65. Rg1 Ke5 66. Re1+ Kd6 67. Ra1 Ne7 68. Ra6+ Nc6 69. Ra8 Kc5 70. Kc3 e5 71. Re8 Kd6 72. Rh8 Kc5 73. Rh5 Kd6 74. Rh6+ Kc5 75. Re6 Kb6 76. Kd3 Kc5 77. Ke4 Nb4 78. Rxe5+ Kxc4 1/2-1/2

[Event "DSOL 2022"]
[Site "Germany"]
[Date "2022.03.18"]
[Round "5.4"]
[White "Meyjohann, Patrick"]
[Black "Valkova, Anzhelika"]
[Result "1/2-1/2"]
[WhiteElo "1661"]
[BlackElo "1632"]
[Annotator "NA"]
[PlyCount "144"]
[EventDate "2022.01.31"]
[EventType "team-tourn"]
[EventCountry "GER"]
[SourceTitle "playchess.com"]
[Source "ChessBase"]
[SourceQuality "1"]
[WhiteTeam "SV Hellern I"]
[BlackTeam "SF Deizisau II"]
[TimeControl "2700+15"]

1. e4 c6 2. d4 d5 3. Nc3 dxe4 4. Nxe4 Nf6 5. Nxf6+ exf6 6. Be3 Bd6 7. Nf3 O-O 8. Bd3 Re8 9. O-O Nd7 10. Re1 Nf8 11. h3 Be6 12. c4 Rb8 13. a4 a5 14. Rc1 Ng6 15. Bb1 Nf4 16. Qd2 g5 17. h4 Bb4 18. Qc2 Bxe1 19. Qxh7+ Kf8 20. Rxe1 Ke7 21. hxg5 Rh8 22. gxf6+ Kxf6 23. Qe4 Nh3+ 24. gxh3 Rg8+ 25. Bg5+ Rxg5+ 26. Nxg5 Kxg5 27. Qe5+ Kh6 28. Qf4+ Qg5+ 29. Qxg5+ Kxg5 30. b3 Rh8 31. Be4 Rxh3 32. Re3 Kf4 33. Rxh3 Bxh3 34. Bd3 f6 35. Bc2 Kf3 36. Bd3 Kf4 37. Bc2 Kf3 38. Bd3 b6 39. c5 bxc5 40. dxc5 Be6 41. Bf1 Kf4 42. Bg2 Bd7 43. Kf1 Ke5 44. Ke2 Kd4 45. Kd2 Kxc5 46. Kc3 Be6 47. Bf3 Bd5 48. Be2 Be4 49. Bc4 Bf3 50. Bf7 Be2 51. Bg6 Bf3 52. Bf7 Bd1 53. Bg6 Kd5 54. Bf7+ Ke4 55. b4 Bxa4 56. bxa5 c5 57. Kc4 Bc6 58. f3+ Ke5 59. Kxc5 Bxf3 60. Be8 f5 61. Bc6 Bxc6 62. Kxc6 f4 63. a6 f3 64. a7 f2 65. a8=Q f1=Q 66. Qe8+ Kd4 67. Qd7+ Kc3 68. Qg7+ Kd2 69. Qd4+ Kc2 70. Qa4+ Kd2 71. Qd4+ Qd3 72. Qxd3+ Kxd3 1/2-1/2

[Event "DSOL 2022"]
[Site "Germany"]
[Date "2022.03.18"]
[Round "5.4"]
[White "Fahland, Matthias"]
[Black "Plaumann, Arvin"]
[Result "0-1"]
[WhiteElo "1654"]
[BlackElo "1582"]
[Annotator "NA"]
[PlyCount "110"]
[EventDate "2022.01.31"]
[EventType "team-tourn"]
[EventCountry "GER"]
[SourceTitle "playchess.com"]
[Source "ChessBase"]
[SourceQuality "1"]
[WhiteTeam "SK Heidenau I"]
[BlackTeam "SF Heidesheim I"]
[TimeControl "2700+15"]

1. d4 d5 2. Nf3 Nf6 3. g3 c6 4. Bg2 Bf5 5. c4 e6 6. Nc3 Nbd7 7. Qb3 Qb6 8. c5 Qxb3 9. axb3 Be7 10. b4 a6 11. b5 cxb5 12. Nxb5 O-O 13. Nc3 Rfc8 14. O-O b6 15. b4 a5 16. bxa5 bxc5 17. dxc5 Rxc5 18. Bd2 Rcxa5 19. Rxa5 Rxa5 20. Nd4 Bf8 21. Nxf5 exf5 22. Rb1 Ra6 23. e3 Ne4 24. Be1 Ndf6 25. Rd1 g6 26. Kf1 Rd6 27. f3 Nxc3 28. Bxc3 Bg7 29. Ke2 Ne8 30. Bxg7 Kxg7 31. f4 Nf6 32. h3 Kf8 33. Bf3 Ke7 34. Ra1 Ne4 35. Bxe4 dxe4 36. Ra7+ Ke6 37. Rb7 Ra6 38. Rb2 Kd5 39. Rc2 f6 40. h4 Ra4 41. Kf2 Rc4 42. Rd2+ Kc5 43. Rb2 h6 44. Ke2 Rc1 45. Kf2 Kc4 46. Rb6 Rc2+ 47. Kf1 Kd3 48. Rxf6 Kxe3 49. Rxg6 Kf3 50. Ke1 e3 51. Kd1 Rh2 52. Re6 e2+ 53. Kd2 Kxg3 54. Rxh6 Kf2 55. Re6 Kf1 0-1

[Event "DSOL 2022"]
[Site "Germany"]
[Date "2022.03.18"]
[Round "5.4"]
[White "Meyer, Emil"]
[Black "Struck, Lasse"]
[Result "0-1"]
[WhiteElo "1620"]
[BlackElo "1832"]
[Annotator "NA"]
[PlyCount "48"]
[EventDate "2022.01.31"]
[EventType "team-tourn"]
[EventCountry "GER"]
[SourceTitle "playchess.com"]
[Source "ChessBase"]
[SourceQuality "1"]
[WhiteTeam "Münster"]
[BlackTeam "Essen"]
[TimeControl "2700+15"]

1. e4 c5 2. Nf3 d6 3. d4 cxd4 4. Nxd4 Nf6 5. Nc3 g6 6. Be3 Bg7 7. f3 a6 8. Qd2 Nbd7 9. g4 Ne5 10. O-O-O b5 11. h4 Bb7 12. h5 b4 13. Nce2 Nc4 14. Qxb4 Nxe3 15. Rd3 Rb8 16. Rxe3 Bh6 17. f4 Nxg4 18. hxg6 Nxe3 19. gxf7+ Kxf7 20. Rxh6 Bxe4 21. Qe1 Nxf1 22. Nc3 Qb6 23. Qxe4 Qxb2+ 24. Kd1 Qa1+ 0-1

[Event "DSOL 2022"]
[Site "Germany"]
[Date "2022.03.18"]
[Round "5.4"]
[White "Wagner, Benjamin"]
[Black "Misini, Burhanudin"]
[Result "1/2-1/2"]
[WhiteElo "1620"]
[BlackElo "1896"]
[Annotator "NA"]
[PlyCount "113"]
[EventDate "2022.01.31"]
[EventType "team-tourn"]
[EventCountry "GER"]
[SourceTitle "playchess.com"]
[Source "ChessBase"]
[SourceQuality "1"]
[WhiteTeam "Magdeburg"]
[BlackTeam "Ludwigshafen"]
[TimeControl "2700+15"]

1. e4 c5 2. Nf3 Nc6 3. b4 cxb4 4. d4 e6 5. d5 Qf6 6. c3 Ne5 7. Be2 Nxf3+ 8. Bxf3 bxc3 9. O-O Bc5 10. Qc2 Bd4 11. a4 Ne7 12. Ra3 O-O 13. Nxc3 Be5 14. a5 d6 15. Rb3 b6 16. axb6 axb6 17. Be3 exd5 18. exd5 Bf5 19. Qd2 h6 20. Ne4 {[#]} Bxh2+ $1 21. Kxh2 Bxe4 22. Bxe4 Qh4+ 23. Kg1 Qxe4 24. Rxb6 Nxd5 25. Rb3 Nxe3 26. Rxe3 Qf4 27. Rd1 Rad8 28. Rd3 Qxd2 29. R3xd2 Rfe8 30. Rxd6 Re1+ 31. Rxe1 Rxd6 32. g3 g6 33. Kg2 Kg7 34. Re4 h5 35. Ra4 g5 36. Ra8 Rd4 37. Ra6 f6 38. Ra8 Rd2 39. Rb8 Rc2 40. Ra8 Kh6 41. Rh8+ Kg6 42. Kf3 Rc1 43. Kg2 Rb1 44. Kf3 Rb2 45. Kg2 Rb4 46. Kf3 h4 47. gxh4 gxh4 48. Kg2 $11 Kg5 49. Rg8+ Kf5 50. Rh8 Rg4+ 51. Kf3 Ra4 52. Rh5+ Kg6 53. Rh8 Kg5 54. Rg8+ Kf5 55. Rh8 Ra3+ 56. Kg2 Ra4 57. Kf3 1/2-1/2

[Event "DSOL 2022"]
[Site "Germany"]
[Date "2022.03.18"]
[Round "5.4"]
[White "Zinke, Mirko"]
[Black "Gallinnis, Norbert"]
[Result "0-1"]
[WhiteElo "1620"]
[BlackElo "1662"]
[Annotator "NA"]
[PlyCount "74"]
[EventDate "2022.01.31"]
[EventType "team-tourn"]
[EventCountry "GER"]
[SourceTitle "playchess.com"]
[Source "ChessBase"]
[SourceQuality "1"]
[WhiteTeam "SG Leipzig"]
[BlackTeam "SG Porz I"]
[TimeControl "2700+15"]

1. Nf3 Nf6 2. g3 c5 3. Bg2 d6 4. d3 e6 5. e4 Qc7 6. Nc3 a6 7. a4 Nbd7 8. h3 b6 9. g4 h6 10. Bf4 Bb7 11. Qd2 Be7 12. Rb1 Bc6 13. O-O Ne5 14. Bg3 g5 15. b4 Bb7 16. Rfe1 cxb4 17. Rxb4 Nfd7 18. Rb3 Rc8 19. Nxe5 Nxe5 20. Reb1 Nd7 21. R1b2 h5 22. f3 hxg4 23. fxg4 Ba8 24. Bf2 Rb8 25. Ne2 Nc5 26. Bxc5 dxc5 27. c4 Bf6 28. Rb1 Ke7 29. a5 bxa5 30. Rxb8 Rxb8 31. Rxb8 Qxb8 32. Qxa5 Qa7 33. e5 Bxe5 34. Bxa8 Qxa8 35. Qxc5+ Kf6 36. d4 Bb8 37. Qc8 Bh2+ 0-1

[Event "DSOL 2022"]
[Site "Germany"]
[Date "2022.03.18"]
[Round "5.4"]
[White "Onat, Elias Levent"]
[Black "Spiel, Marianne"]
[Result "1-0"]
[WhiteElo "1536"]
[BlackElo "1548"]
[Annotator "NA RC"]
[PlyCount "83"]
[EventDate "2022.01.31"]
[EventType "team-tourn"]
[EventCountry "GER"]
[SourceTitle "playchess.com"]
[Source "ChessBase"]
[SourceQuality "1"]
[WhiteTeam "Segeberger SF"]
[BlackTeam "Bayern München II Amazonen"]
[TimeControl "2700+15"]

1. d4 Nf6 2. c4 e6 3. Nc3 d5 4. Bf4 c6 5. e3 Bb4 6. Bd3 O-O 7. Nge2 Nbd7 8. O-O Nh5 9. Qc2 h6 10. c5 Nxf4 11. Nxf4 Nf6 12. Nfe2 Ba5 13. f4 Bc7 14. Kh1 Ng4 15. Qd2 Qh4 16. h3 Nf2+ 17. Kg1 Nxd3 18. Qxd3 Bd7 19. b4 g5 20. Rf3 Kg7 21. b5 f6 22. a4 Be8 23. fxg5 hxg5 24. e4 Bg6 25. Re3 Rae8 26. bxc6 bxc6 27. Qa6 Bb8 28. Qxc6 dxe4 29. Nxe4 Bf4 30. Nxf4 Qxf4 31. Rae1 Re7 32. Qd6 Qxd6 33. Nxd6 Bf7 34. Nf5+ exf5 35. Rxe7 Rd8 36. Rxa7 Kg6 37. Ree7 Bg8 38. Red7 Rb8 39. c6 f4 40. c7 Rb1+ 41. Kh2 Be6 42. c8=Q 1-0

[Event "DSOL 2022"]
[Site "Germany"]
[Date "2022.03.18"]
[Round "5.4"]
[White "Gronemeyer, Martin"]
[Black "Schlag, Daniel"]
[Result "0-1"]
[WhiteElo "1507"]
[BlackElo "1715"]
[Annotator "NA"]
[PlyCount "50"]
[EventDate "2022.01.31"]
[EventType "team-tourn"]
[EventCountry "GER"]
[SourceTitle "playchess.com"]
[Source "ChessBase"]
[SourceQuality "1"]
[WhiteTeam "Höxter"]
[BlackTeam "Wittstock"]
[TimeControl "2700+15"]

1. d4 f5 2. f4 Nf6 3. Nc3 e6 4. Nf3 Be7 5. b3 b6 6. h3 Ne4 7. Nxe4 fxe4 8. Ng1 Bh4+ 9. Kd2 c5 10. Bb2 e3+ 11. Kxe3 Qf6 12. Nf3 O-O 13. Nxh4 Qxf4+ 14. Kd3 c4+ 15. bxc4 Qxh4 16. a4 Ba6 17. Ba3 Nc6 18. c3 Rf2 19. e3 Na5 20. Qg4 Bxc4+ 21. Ke4 d5+ 22. Ke5 Qf6+ 23. Kd6 Rd8+ 24. Kc7 Ra8 25. Qh5 Qd8# 0-1

[Event "DSOL 2022"]
[Site "Germany"]
[Date "2022.04.01"]
[Round "6.1"]
[White "Urban, Konstantin"]
[Black "Nguyen, Alex Dac-Vuong"]
[Result "0-1"]
[WhiteElo "1823"]
[BlackElo "1869"]
[Annotator "TA"]
[PlyCount "82"]
[EventDate "2022.01.31"]
[EventType "team-tourn"]
[EventCountry "GER"]
[SourceTitle "playchess.com"]
[Source "ChessBase"]
[SourceQuality "1"]
[WhiteTeam "SK Heidenau I"]
[BlackTeam "SG Leipzig"]

{[%evp 15,82,11,16,0,0,0,3,0,0,-13,0,-4,0,-12,-18,-48,-45,-60,-58,-70,-68,-52,-25,-45,-45,-71,-50,-48,-45,-41,-12,-31,-23,-55,26,0,8,0,0,0,8,0,0,0,0,0,12,-20,-48,-81,-80,-88,-93,-114,-109,-121,-120,-124,-118,-142,-130,-127,-121,-1863,-1915,-2471,0,-2330,-1625]} 1. e4 e5 2. Nf3 Nc6 3. Bb5 {[%cal Bf1b5,Bb5a4,Ba4b3,Bb3a2][%mdl 32]} a6 4. Ba4 Nf6 5. O-O Be7 6. d3 b5 7. Bb3 d6 8. a4 Bd7 9. Nc3 {C84: Closed Ruy Lopez: Unusual White 6th moves.} Na5 10. Ba2 b4 11. Ne2 {The position is equal.} O-O 12. Nd2 {[#]} Be6 $146 ({Predecessor:} 12... c6 13. h3 d5 14. Ng3 Qc7 15. Nh5 Be6 16. Nxf6+ Bxf6 17. Qe2 Rfe8 18. Nf3 Rab8 {0-1 (66) Urban,K (2325)-Morgunov,M (2362) Bad Blankenburg 2018}) 13. Bxe6 fxe6 14. f4 d5 15. Nf3 (15. exd5 {keeps more tension.} Qxd5 16. Kh1 Ng4 17. Ne4) 15... dxe4 16. Nxe5 exd3 17. Qxd3 Qxd3 18. Nxd3 c5 {[%cal Bc7c5,Bc5c4][%mdl 32] Against Nd4} 19. Be3 Rac8 20. Rae1 Nd5 21. Bc1 c4 22. Ne5 Rcd8 23. Ng3 Bc5+ 24. Kh1 Nb6 (24... Bd6 $15) 25. Ne4 (25. Nf3 $5 {[%cal Rf3g5]}) 25... Nxa4 26. Nxc5 Nxc5 27. Be3 Nd7 28. Nxd7 Rxd7 29. Bc5 {[%csl LRb4,LRe6,LRf8][%mdl 64] Discovered Attack} Rb8 30. Rxe6 b3 31. cxb3 ({Wrong is} 31. Rxa6 $2 bxc2 $1 32. Be3 (32. Rxa5 $2 Rd1 $19) 32... c3 $1 $19) 31... cxb3 32. Bd6 {[#]} Kf7 $1 33. Bxb8 (33. Re5 Rxd6) 33... Kxe6 $17 {[%mdl 4096] Endgame KRB-KRN} 34. Re1+ Kf7 35. Be5 Nc4 36. Bc3 Rd3 {[%cal Od3c3] And now ...Rxc3! would win.} 37. Rc1 {[#]} a5 $1 {[%cal Ba6a5,Ba5a4,Ba4a3][%mdl 32] &Nero is more active.} 38. Kg1 a4 {[%cal Od3c3] aiming for ...Rxc3!} 39. Bxg7 {[%mdl 8192]} Kxg7 $19 40. Rxc4 Rd1+ 41. Kf2 {[#]} a3 $1 {Weighted Error Value: White=0.40/Black=0.08 (flawless)} ({Not} 41... Rd2+ 42. Kf3 $16) 0-1

[Event "DSOL 2022"]
[Site "Germany"]
[Date "2022.04.01"]
[Round "6.1"]
[White "Wintzer, Joachim"]
[Black "Bargsten, Justus"]
[Result "1-0"]
[WhiteElo "1805"]
[BlackElo "1548"]
[Annotator "COMBH"]
[PlyCount "65"]
[EventDate "2022.01.31"]
[EventType "team-tourn"]
[EventCountry "GER"]
[SourceTitle "playchess.com"]
[Source "ChessBase"]
[SourceQuality "1"]
[WhiteTeam "SF Berlin I"]
[BlackTeam "Post SV Uelzen"]
[TimeControl "2700+15"]

1. c4 Nf6 2. Nc3 g6 3. g3 Bg7 4. Bg2 O-O 5. e4 d6 6. Nge2 c5 7. O-O Nc6 8. d3 Ne8 9. Be3 Nc7 10. d4 cxd4 11. Nxd4 Ne6 12. Nde2 a5 13. Qd2 a4 14. Rab1 Ne5 15. b3 axb3 16. axb3 Ng4 17. Nd5 Nxe3 18. Qxe3 Bd7 19. b4 Bc6 20. Rfd1 Nc7 21. Nb6 Ra2 22. Nf4 Na8 23. Nbd5 b5 24. Bf1 e6 25. Qb3 exd5 26. cxd5 Rxf2 27. Kxf2 Bd7 28. Kg2 Nb6 29. Rbc1 f5 30. Ne6 Bxe6 31. dxe6 Qe7 32. Rc6 fxe4 33. Rxb6 1-0

[Event "DSOL 2022"]
[Site "Germany"]
[Date "2022.04.01"]
[Round "6.1"]
[White "Lindam, Ingo"]
[Black "Matthey, Harald"]
[Result "1/2-1/2"]
[WhiteElo "1774"]
[BlackElo "1518"]
[Annotator "TA"]
[PlyCount "137"]
[EventDate "2022.01.31"]
[EventType "team-tourn"]
[EventCountry "GER"]
[SourceTitle "playchess.com"]
[Source "ChessBase"]
[SourceQuality "1"]
[WhiteTeam "Kölner SK Dr Lasker II"]
[BlackTeam "SK Dessau I"]

{[%evp 9,137,-14,28,19,59,34,31,19,34,18,17,0,5,15,52,31,19,3,7,0,9,15,29,10,34,-7,0,0,0,-22,-25,-23,-24,-15,-18,-64,-38,-42,-37,-37,-39,-37,-22,-65,-66,-51,-58,-57,-57,-52,-52,-89,-88,-93,-10,-80,-33,-92,-69,-110,-114,-187,-159,-211,-212,-266,-261,-291,-237,-550,-549,-535,-533,-523,-470,-684,-670,-655,-614,-652,-610,-600,-575,-623,-558,-611,-623,-480,-454,-622,-261,-429,-254,-352,-110,-110,0,0,0,0,0,0,0,0,0,0,0,0,0,0,0,0,0,0,0,0,0,0,8,8,8,8,8,8,8,8,8,8,8,8]} 1. d4 {[%cal Bd2d4,Bd4d5][%mdl 32]} Nf6 2. Bg5 Ne4 3. h4 h6 4. Bf4 c5 5. d5 d6 (5... e6 $5 {[%cal Rd8f6]}) 6. Nd2 {[#] A45: Trompowsky Attack.} Bf5 $146 ({Predecessor:} 6... Nxd2 7. Qxd2 b5 8. e4 Qb6 9. h5 Bb7 10. f3 Nd7 11. c4 b4 12. Bd3 a5 {0-1 (41) Kowalec,M (2128)-Ulanowski,K (2151) Chorzow 2021}) 7. f3 (7. g4 $5 {[%cal Rg4f5]} Nxd2 8. gxf5 Nxf1 9. Kxf1 $14) 7... Nxd2 8. Qxd2 {White is slightly better.} e5 $1 9. dxe6 Bxe6 10. O-O-O Nc6 11. e4 Be7 12. Ne2 (12. Bxd6 Bxd6 13. Qxd6 Qa5 $11) 12... Bxa2 13. Bxd6 Bxd6 14. Qxd6 Qxd6 15. Rxd6 {[#] Threatens to win with b3.} Ke7 16. Rd2 {And now b3 would win.} Rhd8 17. Nc3 Rxd2 18. Kxd2 Rd8+ 19. Kc1 Be6 20. Be2 a6 21. f4 Nd4 22. f5 (22. Bd1 $11 {should be considered.}) 22... Bc8 23. Bf3 b5 {Prevents Na4.} 24. Nd5+ Kf8 {[%cal Oc8f5]} 25. Nf4 Bb7 26. Rd1 Re8 27. c3 Nb3+ 28. Kc2 c4 29. Re1 Re5 30. Nh5 Nc5 {[%cal Rb7e4]} 31. Ng3 g6 (31... Re8 $17) 32. fxg6 $11 fxg6 {[%cal Bf7g6,Bg6h5,Bh5h4][%mdl 32]} 33. Rf1 ({White should try} 33. Kd2 $1 $15) 33... Ke7 34. h5 gxh5 35. Nf5+ (35. Rh1 $17 {keeps fighting.}) 35... Kd7 36. Rd1+ (36. Nd4 $17) 36... Kc7 $19 37. Nd6 Bc6 ({Don't take} 37... Nxe4 38. Nxb7 Ng5 39. Bd5 $16) ({Resist} 37... Bxe4+ 38. Nxe4 Nxe4 39. Re1 $18) 38. Rd4 h4 39. Nf7 $2 (39. Kb1) 39... Bxe4+ 40. Bxe4 Rxe4 41. Rxe4 Nxe4 42. Nxh6 {[%mdl 4096] Endgame KN-KN} (42. Ne5 $142 Ng5 43. Kd2) 42... Nd6 43. Ng4 Kd7 44. Kd2 Ke6 {Against Ne5} 45. Ke3 Kf5 46. Kf3 a5 47. Ne3+ Kg5 48. Nd5 a4 49. Nf4 Kf5 {Prevents Ne6.} (49... b4 $142 50. cxb4 c3 51. bxc3 Nb5 52. Ne6+ Kf5) 50. Nd5 $2 (50. Ne2) 50... Ke5 (50... Nf7 $142 51. Ne3+ Ke6) 51. Nb4 Nf5 $2 (51... Nf7 $19 {has better winning chances. Strongly threatening ...Kf5.} 52. Nc2 Kd6) 52. Nc2 $17 {[#]} Ne7 (52... Kd5 $1 $17 {Hoping for ...Ne7.} 53. Nb4+ Ke5) 53. Na3 $11 {The position is equal.} Ng6 54. Nxb5 Nf4 55. Na3 Nd3 56. Nxc4+ Kf6 {[%cal Od3b2]} 57. Kg4 Nxb2 58. Na3 ({But not} 58. Nxb2 $2 a3 59. Nd3 a2 $19) 58... Nd1 59. c4 Ne3+ 60. Kxh4 Nxg2+ 61. Kg3 $1 Ne1 62. Kf2 Nd3+ 63. Ke3 Nc5 64. Kd4 Nb3+ 65. Kd5 Ke7 66. c5 Nxc5 67. Kxc5 Kd7 68. Kb5 Kc7 69. Kxa4 {And White is the lucky defender.  Weighted Error Value: White=0.30/Black=0.27 (precise)} 1/2-1/2

[Event "DSOL 2022"]
[Site "Germany"]
[Date "2022.04.01"]
[Round "6.1"]
[White "Gypser, Andreas"]
[Black "Gustain, Marc"]
[Result "1/2-1/2"]
[WhiteElo "1737"]
[BlackElo "1501"]
[Annotator "ChessBase"]
[PlyCount "73"]
[EventDate "2022.01.31"]
[EventType "team-tourn"]
[EventCountry "GER"]
[SourceTitle "playchess.com"]
[Source "ChessBase"]
[SourceQuality "1"]
[WhiteTeam "SK Ludwigshafen"]
[BlackTeam "SF Deizisau II"]
[TimeControl "2700+15"]

1. e4 d5 2. exd5 Qxd5 3. Nc3 Qd8 4. d4 Nf6 5. Bc4 a6 6. Nf3 b5 7. Bb3 c5 8. dxc5 Qxd1+ 9. Nxd1 Bb7 10. a4 b4 11. Ne3 e6 12. Nc4 Bxc5 13. Bf4 O-O 14. Rd1 Bxf3 15. gxf3 Nc6 16. Bd6 Bxd6 17. Rxd6 Ne7 18. O-O Nf5 19. Rd3 Rfd8 20. Rfd1 Rxd3 21. Rxd3 g6 22. Ne5 Kg7 23. Bc4 a5 24. Bb5 Nd5 25. Bc6 Rc8 26. Bxd5 exd5 27. Rxd5 Rxc2 28. Rxa5 Rxb2 29. Ra7 Nh6 30. Rb7 b3 31. Nc4 Rb1+ 32. Kg2 Nf5 33. a5 Nd4 34. Nd2 Rb2 35. Nxb3 Nxb3 36. a6 Ra2 37. Rxb3 1/2-1/2

[Event "DSOL 2022"]
[Site "Germany"]
[Date "2022.04.01"]
[Round "6.1"]
[White "Hettergott, Thomas"]
[Black "Rustem Dautov"]
[Result "0-1"]
[WhiteElo "1700"]
[BlackElo "1856"]
[Annotator "TA"]
[PlyCount "120"]
[EventDate "2022.01.31"]
[EventType "team-tourn"]
[EventCountry "GER"]
[SourceTitle "playchess.com"]
[Source "ChessBase"]
[SourceQuality "1"]
[WhiteTeam "SF Heidesheim I"]
[BlackTeam "SF Deizisau I"]

{[%evp 15,120,0,17,-10,1,-42,-39,-27,-14,-83,-62,-84,-92,-119,-107,-104,-99,-127,-118,-114,-111,-126,-120,-107,-10,-3,0,-5,-5,-9,-5,-27,-27,-31,-31,-28,-25,-46,-46,-77,-6,-13,-10,-9,0,0,0,0,0,0,0,0,0,0,0,0,0,0,0,0,0,0,0,0,0,0,0,0,0,0,0,0,0,0,0,0,0,-82,-83,-29967,-29969,-29969,-29969,-29971,-29972,-29975,-29973,-29976,-29977,-29980,-29981,-29981,-29982,-29981,-29980,-29981,-29982,-29982,-29983,-29985,-29986,-29986,-29987,-29987,-29988,-29989,-29990]} 1. e4 c6 2. d4 d5 3. Nc3 dxe4 4. Nxe4 Bf5 5. Ng3 Bg6 6. Bc4 e6 7. N1e2 Nf6 8. O-O {8.Nf4 is vanishing.} Nbd7 9. f4 {B18: Classical Caro-Kann: 4...Bf5 sidelines.} Nb6 10. Bb3 (10. Bd3 $5 {[%cal Rf4f5]}) 10... Qd7 11. c3 {Black is slightly better.} Bd6 12. f5 {[#]} (12. Bc2 $11 {keeps the balance.}) 12... Bxf5 $146 ({Predecessor:} 12... exf5 13. Nf4 Bxf4 14. Bxf4 O-O 15. Bc2 Nbd5 16. c4 Nxf4 17. Rxf4 Rad8 18. Bxf5 Qd6 {0-1 (57) Otikova,E (1936)-Dreev,A (2673) Warsaw 2013}) 13. Nxf5 exf5 14. Bf4 Bxf4 15. Nxf4 O-O 16. Nh5 Nxh5 17. Qxh5 g6 18. Qh6 Nd5 19. Rf3 b5 (19... Rae8 $17 {Hoping for ...Re2.} 20. Bc4 f6) 20. Raf1 $11 (20. Rh3 f6 $15) 20... Rae8 21. Bxd5 ({Don't play} 21. Rh3 f6 22. a4 bxa4 23. Bxa4 Re7 $17) 21... cxd5 22. Rxf5 Re2 23. R5f2 (23. h4 $5) 23... Rxf2 24. Rxf2 {[%mdl 4096] Endgame KQR-KQR} Re8 25. Qd2 $1 {Against Re1+} Qe6 26. Kf1 {Inhibits Qe1+.} a6 27. Re2 {[#]} Qf5+ ({Better is} 27... Qxe2+ $1 $17 28. Qxe2 Rxe2 29. Kxe2 g5) 28. Kg1 Qb1+ 29. Kf2 Rxe2+ 30. Qxe2 Qxa2 {KQ-KQ} 31. Qe8+ Kg7 32. Qe5+ Kg8 33. Qe8+ Kg7 34. Qe5+ Kf8 35. Qd6+ Ke8 36. Qc6+ Ke7 37. Qc7+ Ke6 38. Qc6+ Kf5 39. Qd7+ Kg5 40. Qe7+ Kh6 $1 41. Qe3+ g5 42. h4 $1 {[%csl Gh4][%cal Re3g5,Bh2h4,Bh4g5][%mdl 32]} Qxb2+ 43. Kg3 {[%csl Gh4][%cal Re3g5]} f6 44. hxg5+ Kg6 45. gxf6 Qc2 46. Qf3 {[#]} (46. Qe7 $11 Qxc3+ 47. Kh2 Qxd4 48. Qg7+ (48. Qe8+ Kh6 $11) 48... Kh5 49. Qxh7+ Kg5 50. Qg8+ Kh5 51. Qe8+ Kh6 52. Qh8+ Kg6 53. Qg8+ Kh5 54. Qh8+ Kg6 55. Qe8+ Kg5 56. Qg8+ Kf5 57. f7 Qh4+ 58. Kg1 Qe1+ 59. Kh2 Qh4+ 60. Kg1 Qe1+ 61. Kh2 Qh4+) 46... Qe4 $1 $17 {aiming for ...Qxf3+.} 47. Qxe4+ {[%mdl 8192] This costs White the game.} (47. Qf2 $17 Qd3+ 48. Kh4) 47... dxe4 {Black mates.} 48. Kf4 Kxf6 49. Kxe4 {K3P-K3P} Ke6 50. Kd3 Kd5 51. Kd2 Kc4 52. Kc2 h5 {[%cal Bh7h5,Bh5h4][%mdl 32]} 53. Kd2 a5 54. Kc2 h4 55. Kd2 b4 56. cxb4 axb4 57. Kc2 Kxd4 58. Kb3 Ke3 59. Kxb4 Kf2 60. g4 hxg3 {Weighted Error Value: White=0.22 (precise) /Black=0.07 (flawless)} 0-1

[Event "DSOL 2022"]
[Site "Germany"]
[Date "2022.04.01"]
[Round "6.1"]
[White "Ramien, David"]
[Black "Meyer, Armin"]
[Result "0-1"]
[WhiteElo "1620"]
[BlackElo "2039"]
[Annotator "NA"]
[PlyCount "58"]
[EventDate "2022.01.31"]
[EventType "team-tourn"]
[EventCountry "GER"]
[SourceTitle "playchess.com"]
[Source "ChessBase"]
[SourceQuality "1"]
[WhiteTeam "SG Porz I"]
[BlackTeam "SF Essen-Katernberg"]
[TimeControl "2700+15"]

1. e4 e6 2. d3 d5 3. Nd2 c5 4. Ngf3 Nc6 5. g3 g6 6. Bg2 Bg7 7. O-O Nge7 8. Re1 O-O 9. e5 Qc7 10. Qe2 g5 11. Nxg5 Qxe5 12. Qxe5 Nxe5 13. Ndf3 N5c6 14. c3 e5 15. a3 h6 16. Nh3 a5 17. Bd2 b6 18. c4 Be6 19. cxd5 Nxd5 20. Nh4 Rad8 21. f4 Bxh3 22. Bxh3 exf4 23. Nf5 Nd4 24. gxf4 Nf3+ 25. Kf2 Nxd2 26. Rg1 Nxf4 27. Rxg7+ Kh8 28. Bf1 Nb3 29. Rd1 Rd5 0-1